Teachers abroad, (Record no. 22134)
[ view plain ]
| 000 -LEADER | |
|---|---|
| fixed length control field | 01165cam a22003011 4500 |
| 001 - CONTROL NUMBER | |
| control field | e 50000034 |
| 003 - CONTROL NUMBER IDENTIFIER | |
| control field | DLC |
| 005 - DATE AND TIME OF LATEST TRANSACTION | |
| control field | 20260227111234.0 |
| 008 - FIXED-LENGTH DATA ELEMENTS--GENERAL INFORMATION | |
| fixed length control field | 900625s1950 dcu 000 0 eng |
| 010 ## - LIBRARY OF CONGRESS CONTROL NUMBER | |
| LC control number | e 50000034 |
| 035 ## - SYSTEM CONTROL NUMBER | |
| System control number | (OCoLC)21915951 |
| 040 ## - CATALOGING SOURCE | |
| Original cataloging agency | DLC |
| Transcribing agency | MiEM |
| Modifying agency | OrPS |
| -- | DLC |
| 042 ## - AUTHENTICATION CODE | |
| Authentication code | premarc |
| 043 ## - GEOGRAPHIC AREA CODE | |
| Geographic area code | n-us--- |
| -- | e-uk--- |
| 050 00 - LIBRARY OF CONGRESS CALL NUMBER | |
| Classification number | L111 |
| Item number | .A6 1950, no. 10 |
| 051 ## - LIBRARY OF CONGRESS COPY, ISSUE, OFFPRINT STATEMENT | |
| Classification number | LB2285.G7 |
| Item number | S6 |
| 082 00 - DEWEY DECIMAL CLASSIFICATION NUMBER | |
| Classification number | 371.1425 |
| 100 1# - MAIN ENTRY--PERSONAL NAME | |
| Personal name | Smith, Paul E., |
| Dates associated with a name | 1910- |
| 245 10 - TITLE STATEMENT | |
| Title | Teachers abroad, |
| Remainder of title | exchange program with the United Kingdom. |
| 260 ## - PUBLICATION, DISTRIBUTION, ETC. | |
| Place of publication, distribution, etc. | Washington, |
| Name of publisher, distributor, etc. | Federal Security Agency, |
| -- | Office of Education, |
| Date of publication, distribution, etc. | 1950. |
| 300 ## - PHYSICAL DESCRIPTION | |
| Extent | 40 p., |
| Other physical details | illus., |
| Dimensions | 23 cm. |
| 490 1# - SERIES STATEMENT | |
| Series statement | [U.S. Office of Education] Bulletin, 1950, |
| Volume/sequential designation | no. 10 |
| 500 ## - GENERAL NOTE | |
| General note | "Selected reading list": p. 37-40. |
| 501 ## - WITH NOTE | |
| With note | Copies 1 and 2 of L111.A6 with: 102 motion pictures on democracy / Seerley Reid. Washington : U.S. Govt. Print. Off., 1950. Bound together subsequent to publication. |
| Institution to which field applies | DLC |
| 650 #0 - SUBJECT ADDED ENTRY--TOPICAL TERM | |
| Topical term or geographic name entry element | Teacher exchange programs |
| Geographic subdivision | Great Britain. |
| 650 #0 - SUBJECT ADDED ENTRY--TOPICAL TERM | |
| Topical term or geographic name entry element | Teacher exchange programs |
| Geographic subdivision | United States. |
| 830 #0 - SERIES ADDED ENTRY--UNIFORM TITLE | |
| Uniform title | Bulletin (United States. Office of Education) ; |
| Volume/sequential designation | 1950, no. 10. |
No items available.